| 000 | 00893nam a2200265Ia 4500 | ||
|---|---|---|---|
| 001 | Para_5571 | ||
| 003 | CHAP | ||
| 008 | 220125s1988 xx 000 0 und d | ||
| 010 | _a204018 | ||
| 040 | _cCHAP | ||
| 090 | _aPA FOLLETO 3027 | ||
| 100 |
_aCárdenas S. , José Guadalupe _924092 |
||
| 245 |
_aRecomendaciones para el cultivo de la caña de azúcar en el ingenio San Nicolás, Ver. / _c por José Guadalupe Cárdenas S. |
||
| 260 |
_aMéxico, D. F. : _b Instituto para el Mejoramiento de la Producción de Azúcar |
||
| 300 | _a14 p. | ||
| 650 |
_aCaña de azúcar _x Veracruz _9142616 |
||
| 710 |
_aInstituto para el Mejoramiento de la Producción de Azúcar. México _959422 |
||
| 901 | _aPA FOLLETO 3027 | ||
| 902 | _aM | ||
| 905 | _a0000001988 mx 0000000000 00 | ||
| 910 | _a1988 | ||
| 942 | _cPARA | ||
| 942 |
_cPARA _d14 |
||
| 999 |
_c204018 _d204018 |
||